000 00612nam a2200181Ia 4500
008 220216s9999 xx 000 0 und d
100 _aAsaletha R.
245 0 _aThermoplastic elastomers: Blends of natural, rubber/polystyrene
260 _bProceedings of the International Conference on Rubbers, 12-14 December 1997, Indian Institute of Technology, Calcutta, India, V 1. pp. 53-56.
_c1997
650 _aBlend
650 _aMechanical property
650 _aNatural rubber
650 _aPolystyrene
650 _aThermoplastic elastomer
700 _aKumaran M.G.
700 _aThomas S.
942 _cBS
999 _c52351
_d52351